[Event "GRE-chT 46th"]
[Site "Rio Achaia"]
[Date "2018.07.12"]
[Round "4.11"]
[White "Vlachos, Georgios"]
[Black "Rousis, Chrysostomos"]
[Result "1/2-1/2"]
[WhiteElo "1334"]
[BlackElo "1483"]
[PlyCount "50"]
[EventDate "2018.07.10"]
[EventType "team"]
[EventRounds "7"]
[EventCountry "GRE"]
[SourceTitle "CBM 185 Extra"]
[Source "ChessBase"]
[SourceDate "2018.07.29"]
[SourceVersion "1"]
[SourceVersionDate "2018.07.29"]
[SourceQuality "1"]
[WhiteTeam "Sea of Corinth Argonaut"]
[BlackTeam "Papagou AS"]
[WhiteTeamCountry "GRE"]
[BlackTeamCountry "GRE"]

1. e4 c5 2. c3 d5 3. exd5 Qxd5 4. d4 Nf6 5. Nf3 Bg4 6. Be2 e6 7. 0-0 Bd6 8. Be3 cxd4 9. cxd4 0-0 10. Nc3 Qa5 11. Rc1 Nc6 12. Qd2 h6 13. Rfd1 Nb4 14. a3 Nbd5 15. Nxd5 Qxd5 16. h3 Bh5 17. Bc4 Qf5 18. Be2 g5 19. Qd3 Qd5 20. Qc4 Qf5 21. Qd3 Qd5 22. Qc4 Qf5 23. Qd3 Qd5 24. Qc4 Qf5 25. Qd3 Qd5 1/2-1/2

[Event "GRE-ch U12"]
[Site "Rio Achaia"]
[Date "2018.07.09"]
[Round "9"]
[White "Fragkos, Vasileios"]
[Black "Vlachos, Georgios"]
[Result "1-0"]
[WhiteElo "1774"]
[BlackElo "1334"]
[PlyCount "71"]
[EventDate "2018.07.03"]
[EventType "swiss"]
[EventRounds "9"]
[EventCountry "GRE"]
[SourceTitle "EXT 2019"]
[Source "ChessBase"]
[SourceDate "2018.10.10"]
[SourceVersion "1"]
[SourceVersionDate "2018.10.10"]
[SourceQuality "1"]

1. e4 e6 2. d4 d5 3. Nd2 Nf6 4. e5 Nfd7 5. Bd3 c5 6. c3 Nc6 7. Ne2 cxd4 8. cxd4 f6 9. exf6 Nxf6 10. Nf3 Bd6 11. 0-0 0-0 12. Ng3 Bd7 13. Bd2 Qc7 14. Rc1 Rac8 15. Bc3 Qb6 16. Re1 Bf4 17. Rc2 Nb4 18. Bxb4 Qxb4 19. Ne2 Bd6 20. Nc3 Kh8 21. Qe2 Bf4 22. g3 Bd6 23. Rcc1 Ng4 24. Rcd1 Rf6 25. h3 Rcf8 26. hxg4 Rxf3 27. Bf5 exf5 28. Qxf3 fxg4 29. Qe2 Re8 30. Qd2 Qc4 31. Rxe8+ Bxe8 32. Re1 Bd7 33. Qg5 Bf8 34. Qd8 Qc8 35. Qxc8 Bxc8 36. Re8 1-0

[Event "GRE-ch U12"]
[Site "Rio Achaia"]
[Date "2018.07.08"]
[Round "8"]
[White "Vlachos, Georgios"]
[Black "Tzikas, Athanasios G"]
[Result "1-0"]
[WhiteElo "1334"]
[BlackElo "1251"]
[PlyCount "85"]
[EventDate "2018.07.03"]
[EventType "swiss"]
[EventRounds "9"]
[EventCountry "GRE"]
[SourceTitle "EXT 2019"]
[Source "ChessBase"]
[SourceDate "2018.10.10"]
[SourceVersion "1"]
[SourceVersionDate "2018.10.10"]
[SourceQuality "1"]

1. e4 c5 2. c3 d5 3. exd5 Qxd5 4. d4 Nf6 5. Nf3 Bg4 6. Be2 e6 7. 0-0 Nc6 8. Be3 cxd4 9. cxd4 Be7 10. Nc3 Qd7 11. h3 Bh5 12. Qd2 0-0 13. Rfd1 Rfd8 14. Rac1 Nd5 15. Nxd5 Qxd5 16. Bc4 Qd7 17. g4 Bg6 18. Bb5 Qd5 19. Bxc6 bxc6 20. Ne5 Rac8 21. Qe2 f6 22. Nxg6 hxg6 23. Qc4 Qxc4 24. Rxc4 e5 25. d5 cxd5 26. Rxc8 Rxc8 27. Rxd5 Rc2 28. Rb5 a6 29. Rb6 a5 30. a3 Bc5 31. Rc6 Bxe3 32. Rxc2 Bd4 33. Kf1 f5 34. Ke2 Kh7 35. g5 e4 36. b4 axb4 37. axb4 Kg8 38. b5 Kf7 39. Rc6 f4 40. Rc4 f3+ 41. Kf1 Bb6 42. Rxe4 Bc7 43. Rc4 1-0

[Event "GRE-chT 45th"]
[Site "Achaia"]
[Date "2017.07.04"]
[Round "2.2"]
[White "Vlachos, Georgios"]
[Black "Kalamoukos, Grigorios"]
[Result "1-0"]
[WhiteElo "1363"]
[BlackElo "1331"]
[PlyCount "55"]
[EventDate "2017.07.03"]
[EventType "team-swiss"]
[EventRounds "7"]
[EventCountry "GRE"]
[SourceTitle "CBM 179 Extra"]
[Source "ChessBase"]
[SourceDate "2017.08.23"]
[SourceVersion "1"]
[SourceVersionDate "2017.08.23"]
[SourceQuality "1"]
[WhiteTeam "Korinthias Argonaftis"]
[BlackTeam "Kavalas CN"]
[WhiteTeamCountry "GRE"]
[BlackTeamCountry "GRE"]

1. e4 c6 2. d4 d5 3. e5 Bf5 4. Be3 e6 5. Nd2 Nd7 6. Ngf3 Ne7 7. Be2 Bg6 8. Nh4 Nf5 9. Nxf5 Bxf5 10. 0-0 h6 11. f4 h5 12. Nf3 Bg4 13. Ng5 Bxe2 14. Qxe2 g6 15. Qd3 Be7 16. Nxe6 Qb6 17. Ng5 Bxg5 18. fxg5 Nf8 19. Rf6 Rh7 20. Raf1 Qc7 21. e6 Qe7 22. exf7+ Kd8 23. Bd2 Rg7 24. Re1 Qd7 25. Re8+ Qxe8 26. fxe8Q+ Kxe8 27. Bb4 Nd7 28. Rxg6 1-0

[Event "GRE-ch U12"]
[Site "Achaia"]
[Date "2017.06.27"]
[Round "2"]
[White "Vlachos, Georgios"]
[Black "Pentogenis, Ioannis"]
[Result "1/2-1/2"]
[WhiteElo "1363"]
[BlackElo "1144"]
[PlyCount "29"]
[EventDate "2017.06.26"]
[EventType "swiss"]
[EventRounds "9"]
[EventCountry "GRE"]
[SourceTitle "EXT 2018"]
[Source "ChessBase"]
[SourceDate "2017.10.13"]
[SourceVersion "1"]
[SourceVersionDate "2017.10.13"]
[SourceQuality "1"]

1. e4 b6 2. d4 Bb7 3. Nc3 Nf6 4. f3 e6 5. Bd3 Bb4 6. Nge2 d6 7. a3 Bxc3+ 8. Nxc3 h6 9. 0-0 Nc6 10. Be3 0-0 11. f4 Ne7 12. e5 Nfd5 13. Nxd5 Bxd5 14. Qg4 f5 15. Qh5 1/2-1/2

[Event "GRE-ch U12"]
[Site "Achaia"]
[Date "2017.06.26"]
[Round "1"]
[White "Gavriil, Odysseas Panagiotis"]
[Black "Vlachos, Georgios"]
[Result "1-0"]
[WhiteElo "1679"]
[BlackElo "1363"]
[PlyCount "46"]
[EventDate "2017.06.26"]
[EventType "swiss"]
[EventRounds "9"]
[EventCountry "GRE"]
[SourceTitle "EXT 2018"]
[Source "ChessBase"]
[SourceDate "2017.10.13"]
[SourceVersion "1"]
[SourceVersionDate "2017.10.13"]
[SourceQuality "1"]

1. e4 e6 2. d4 d5 3. Nd2 Nf6 4. e5 Nfd7 5. Bd3 c5 6. c3 Nc6 7. Ngf3 Qb6 8. 0-0 cxd4 9. cxd4 Nxd4 10. Nxd4 Qxd4 11. Nf3 Qb6 12. Qa4 Be7 13. Qg4 Kf8 14. Qh5 Kg8 15. b3 h6 16. Be3 Qd8 17. Nd4 Nb8 18. Rac1 Bd7 19. f4 Qe8 20. f5 Na6 21. fxe6 Bxe6 22. Nxe6 fxe6 23. Bg6 Qf8 1-0